Yo-Kai Watch 2 All Eerie Tribe Yo-kai - Statistics

General Stats
  • This quiz has been taken 4 times
  • The average score is 21 of 45
Answer Stats
Picture Answer % Correct
Arachnus
100%
Buhu
100%
Cheeksqueek
100%
Darknyan
100%
Drizzle
100%
Furgus
100%
Gush
100%
Insomni
100%
Manjimutt
100%
Multimutt
100%
Robbinyu
100%
Sir Berus
100%
Skreek
100%
Sproink
100%
Ben Tover
50%
Coughkoff
50%
Dandoodle
50%
Danke Sand
50%
Dismarelda
50%
Droplette
50%
Everfore
50%
Flumpy
50%
Furdinand
50%
Hurchin
50%
Nosirs
50%
Peckpocket
50%
Robomutt
50%
Slush
50%
Alhail
0%
Arachnia
0%
Chatalie
0%
Compunzer
0%
Cuttincheez
0%
Eterna
0%
Foiletta
0%
Grumples
0%
Lamedian
0%
Nagatha
0%
No Sandkyu
0%
Papa Windbag
0%
Rawry
0%
Rockabelly
0%
Sandi
0%
Squeeky
0%
Toiletta
0%
No matching quizzes found
Score Distribution
Percent of People with Each Score
Percentile by Number Answered
Your Score History
You have not taken this quiz